Southville International School and Colleges
Your cart is empty.
  • Cart
  • Lists
    Public lists Eva Luna New books Lux_list list_1
    Your lists Log in to create your own lists
  • Log in to your account
  • Your cookies
  • Search history
Southville International School and Colleges
  • Advanced search
  • Recent comments
  • Most popular
  • Libraries

Log in to your account

Log in with GOOGLE


If you do not have an external account, but do have a local account, you can still log in:

  1. Home
  2. MARC view: The legend of Slappy Hooper :
Normal view MARC view ISBD view

The legend of Slappy Hooper : (Record no. 103415)

[ view plain ]
MARC details
000 -LEADER
fixed length control field 00687nam a2200181 a 4500
005 - DATE AND TIME OF LATEST TRANSACTION
control field 20140412111301.0
008 - FIXED-LENGTH DATA ELEMENTS--GENERAL INFORMATION
fixed length control field 001116s19uu xx 00 eng d
020 ## - INTERNATIONAL STANDARD BOOK NUMBER
International Standard Book Number 1-684-19535-6
050 ## - LIBRARY OF CONGRESS CALL NUMBER
Classification number ER
Item number Le46 1993
100 ## - MAIN ENTRY--PERSONAL NAME
Personal name Shepard, Aaron
245 ## - TITLE STATEMENT
Title The legend of Slappy Hooper :
Remainder of title an American tall tale /
Statement of responsibility, etc retold by Aaron Shepard ; pictures by Toni Goffe.
260 ## - PUBLICATION, DISTRIBUTION, ETC. (IMPRINT)
Place of publication, distribution, etc New York :
Name of publisher, distributor, etc Charles Scribner's Sons,
Date of publication, distribution, etc 1993.
300 ## - PHYSICAL DESCRIPTION
Extent 1 v. (unp.) ; ill.; col.
520 ## - SUMMARY, ETC.
Summary, etc Slappy Hooper, the world's biggest, fastest, bestfest sign painter getsin all kinds of trouble with his amazing realistic signs
650 ## - SUBJECT ADDED ENTRY--TOPICAL TERM
Topical term or geographic name as entry element Folkore -- United States
650 ## - SUBJECT ADDED ENTRY--TOPICAL TERM
Topical term or geographic name as entry element Tall Tales
Holdings
Withdrawn status Lost status Damaged status Use restrictions Home library Current library Shelving location Date acquired Source of acquisition Total Checkouts Full call number Barcode Date last seen Price effective from Koha item type
        Elizalde Library Elizalde Library Easy Reading Section 11/16/2000     ER Le46 1993 E4771 04/12/2014 04/12/2014 Books

The legend of Slappy Hooper :

APA

Shepard A., . (1993). The legend of Slappy Hooper. New York: Charles Scribner's Sons.

Chicago

Shepard Aaron, . 1993. The legend of Slappy Hooper. New York: Charles Scribner's Sons.

Harvard

Shepard A., . (1993). The legend of Slappy Hooper. New York: Charles Scribner's Sons.

MLA

Shepard Aaron, . The legend of Slappy Hooper. New York: Charles Scribner's Sons. 1993.

  • Place hold
  • Print
  • Cite
  • Add to your cart (remove)
  • Save record
    BIBTEX Dublin Core MARCXML MARC (non-Unicode/MARC-8) MARC (Unicode/UTF-8) MARC (Unicode/UTF-8, Standard) MODS (XML) RIS
  • More searches
    Search for this title in:
    Other Libraries (WorldCat) Other Databases (Google Scholar) Online Stores (Bookfinder.com) Open Library (openlibrary.org)

Exporting to Dublin Core...

SOUTHVILLE LIBRARY

Southville International School and Colleges Library

1281 Tropical Ave. Cor. Luxembourg St., BF Homes International, Las Pinas City

Tel. No. 8256374 / 252358 Loc. 117/146

Powered by Koha